书目信息 |
| 题名: |
俄语语音快速突破
|
|
| 作者: | 王维维 , 王丽丽 编著 | |
| 分册: | ||
| 出版信息: | 北京 北京语言大学出版社 2008.06 |
|
| 页数: | 126页 | |
| 开本: | 21cm | |
| 丛书名: | ||
| 单 册: | ||
| 中图分类: | H351 | |
| 科图分类: | ||
| 主题词: | 俄语--e yu--语音 | |
| 电子资源: | ||
| ISBN: | 978-7-5619-2131-9 | |
| 000 | 00875nam0 2200253 450 | |
| 001 | 012008873374 | |
| 005 | 20081219193315.29 | |
| 010 | @a978-7-5619-2131-9@dCNY16.80 (含光盘) | |
| 010 | @a978-7-88703-594-3@b光盘 | |
| 100 | @a20081219d2008 em y0chiy0120 ea | |
| 101 | 0 | @achi@arus |
| 102 | @aCN@b110000 | |
| 105 | @aa z 000yy | |
| 106 | @ar | |
| 200 | 1 | @a俄语语音快速突破@Ae yu yu yin kuai su tu po@f王维维, 王丽丽编著@Fwang wei wei,wang li li bian zhu |
| 210 | @a北京@c北京语言大学出版社@d2008.06 | |
| 215 | @a126页@c图@d21cm@e光盘1片 | |
| 330 | @a本书分俄语语音基础知识、俄语发音、俄语常用调型三章,简单介绍了俄语的发展过程、俄语语音5种常用调型发音方法等。 | |
| 606 | 0 | @a俄语@Ae yu@x语音 |
| 690 | @aH351@v4 | |
| 701 | 0 | @a王维维@Awang wei wei@4编著 |
| 701 | 0 | @a王丽丽@Awang li li@4编著 |
| 801 | 0 | @aCN@bQSSK@c20081219 |
| 905 | @b735878-80@dH351@eW377@f3 | |
| 俄语语音快速突破/王维维, 王丽丽编著.-北京:北京语言大学出版社,2008.06 |
| 126页:图;21cm+光盘1片 |
| ISBN 978-7-5619-2131-9:CNY16.80 (含光盘) |
| 本书分俄语语音基础知识、俄语发音、俄语常用调型三章,简单介绍了俄语的发展过程、俄语语音5种常用调型发音方法等。 |
| ● |
| 相关链接 |
|
|
|
正题名:俄语语音快速突破
索取号:H351/W377
 
预约/预借
| 序号 | 登录号 | 条形码 | 馆藏地/架位号 | 状态 | 备注 |
| 1 | 735878 | 207358786 | 语言库209/209语言库 122排1列1层/ [索取号:H351/W377] | 在馆 | |
| 2 | 735879 | 207358795 | 语言库209/209语言库 122排1列1层/ [索取号:H351/W377] | 在馆 | |
| 3 | 735880 | 207358802 | 语言库209/209语言库 122排1列1层/ [索取号:H351/W377] | 在馆 |